| 000 | 00572nam a2200181 a 4500 | ||
|---|---|---|---|
| 005 | 20240614063720.0 | ||
| 008 | 991125s1953 mx 000 0 spa u | ||
| 035 | _aUPN01000058433 | ||
| 049 | _aCG | ||
| 050 | 4 |
_aPE1128 H3.8 _b1953 |
|
| 100 | 1 |
_aHamilton, J. _928890 |
|
| 245 | 1 | 3 |
_aUn viaje a través de los Estados Unidos : _bcuarto libro del método de inglés / _cpor J. Hamilton. -- 5a. ed. rev |
| 260 |
_aMéxico : _bProgreso, _c1953 |
||
| 300 |
_axvi, 464 p. : _bfots., map |
||
| 650 | 4 |
_aInglés _xEstudio y enseñanza _918 |
|
| 904 |
_aAC _b058436 |
||
| 905 | _aLibro | ||
| 999 |
_c58433 _d58433 |
||